Syrian Arab Republic : 2009 Article IV Consultation; Staff Report; and Public Information Notice.

This 2009 Article IV Consultation discusses that the impact of the global financial crisis on Syria has been relatively moderate and mostly through linkages to trading partners in the GCC and Europe. Lower growth in manufacturing, construction, and services was partially offset by a moderate recover...

Full description

Bibliographic Details
Corporate Author: International Monetary Fund
Format: Journal
Language:English
Published: Washington, D.C. : International Monetary Fund, 2010.
Series:IMF Staff Country Reports; Country Report ; No. 2010/086
Online Access:Full text available on IMF
LEADER 01595cas a2200241 a 4500
001 AALejournalIMF006396
008 230101c9999 xx r poo 0 0eng d
020 |c 5.00 USD 
020 |z 9781455202485 
022 |a 1934-7685 
040 |a BD-DhAAL  |c BD-DhAAL 
110 2 |a International Monetary Fund. 
245 1 0 |a Syrian Arab Republic :   |b 2009 Article IV Consultation; Staff Report; and Public Information Notice. 
264 1 |a Washington, D.C. :  |b International Monetary Fund,  |c 2010. 
300 |a 1 online resource (41 pages) 
490 1 |a IMF Staff Country Reports 
500 |a <strong>Off-Campus Access:</strong> No User ID or Password Required 
500 |a <strong>On-Campus Access:</strong> No User ID or Password Required 
506 |a Electronic access restricted to authorized BRAC University faculty, staff and students 
520 3 |a This 2009 Article IV Consultation discusses that the impact of the global financial crisis on Syria has been relatively moderate and mostly through linkages to trading partners in the GCC and Europe. Lower growth in manufacturing, construction, and services was partially offset by a moderate recovery in agriculture and a small increase in oil production. The ongoing recovery in Syria's trading partners is expected to contribute to a gradual increase in exports, remittances, and foreign direct investment. 
538 |a Mode of access: Internet 
830 0 |a IMF Staff Country Reports; Country Report ;  |v No. 2010/086 
856 4 0 |z Full text available on IMF  |u http://elibrary.imf.org/view/journals/002/2010/086/002.2010.issue-086-en.xml  |z IMF e-Library